| 000 | 00391cam a2200157ua 4500 | ||
|---|---|---|---|
| 041 |
_aeng _h |
||
| 082 |
_a512.5 _bLAY/LI |
||
| 100 | _aDavid, C.Lay . | ||
| 245 |
_aLinear Algebra and its applications / _cLay C David. _hTextual Documents |
||
| 250 |
_a3 / _b. |
||
| 260 |
_a : _bPearson Education Asia , _c2004. |
||
| 300 | _a513 ; . | ||
| 504 | _a | ||
| 942 | _cBK | ||
| 999 |
_c12367 _d12367 |
||